[Event "Remote S7E Schnell-104 email"]
[Site "Remote email"]
[Date "2014.07.27"]
[Round "?"]
[White "Spieler, Freakie"]
[Black "Thiel, Dirk"]
[Result "1/2-1/2"]
[WhiteElo "2238"]
[BlackElo "2237"]
[PlyCount "71"]
[EventDate "2014.??.??"]
[EventType "tourn (corr)"]
[EventRounds "6"]
[EventCountry "GER"]
[SourceTitle "Corr 2015"]
[Source "ChessBase"]
[SourceDate "2015.07.17"]
[SourceVersion "1"]
[SourceVersionDate "2015.07.17"]
[SourceQuality "1"]

1. d4 Nf6 2. c4 e6 3. Nc3 Bb4 4. Nf3 b6 5. e3 Ne4 6. Qb3 Bxc3+ 7. bxc3 f5 8. Ba3 c5 9. Rd1 0-0 10. Nd2 Qg5 11. dxc5 bxc5 12. g3 Nxd2 13. Rxd2 Na6 14. Bg2 Rb8 15. Qc2 Qd8 16. 0-0 Qc7 17. Rb1 Rb6 18. Rxb6 axb6 19. Qd3 Nb8 20. Qd6 Qa7 21. Bc1 Nc6 22. Bxc6 dxc6 23. Qxc6 Qa6 24. Rb2 Qa3 25. Rc2 Qa6 26. f3 h6 27. e4 Kh7 28. exf5 exf5 29. Bf4 Qxc4 30. Qxb6 Ba6 31. Rf2 Re8 32. Qb1 Qe6 33. g4 Qe1+ 34. Qxe1 Rxe1+ 35. Kg2 fxg4 36. fxg4 1/2-1/2

[Event "Remote S7E Starter-55 email"]
[Site "Remote email"]
[Date "2014.05.06"]
[Round "?"]
[White "Hahner, Anton"]
[Black "Thiel, Dirk"]
[Result "0-1"]
[WhiteElo "2123"]
[BlackElo "2191"]
[PlyCount "54"]
[EventDate "2014.??.??"]
[EventType "tourn (corr)"]
[EventRounds "6"]
[EventCountry "GER"]
[SourceTitle "Corr 2015"]
[Source "ChessBase"]
[SourceDate "2015.07.17"]
[SourceVersion "1"]
[SourceVersionDate "2015.07.17"]
[SourceQuality "1"]

1. d4 c5 2. d5 d6 3. e4 g6 4. c4 Bg7 5. Nc3 e6 6. Bd3 Ne7 7. Nf3 exd5 8. exd5 Bf5 9. 0-0 0-0 10. Bf4 Bxd3 11. Qxd3 Nf5 12. Ne4 h5 13. h3 Na6 14. g4 Nb4 15. Qe2 hxg4 16. hxg4 Re8 17. Nfd2 Nd4 18. Qd1 Nd3 19. Bg3 f5 20. gxf5 Nxb2 21. Qb1 gxf5 22. Nxd6 Ne2+ 23. Kg2 Nxg3 24. Nxe8 Nxf1 25. Qxf5 Qxe8 26. Rxf1 Qf8 27. Qe6+ Qf7 0-1

[Event "Remote S7E Starter-55 email"]
[Site "Remote email"]
[Date "2014.05.06"]
[Round "?"]
[White "Thiel, Dirk"]
[Black "Bartels, Klaus"]
[Result "1/2-1/2"]
[WhiteElo "2191"]
[BlackElo "2078"]
[PlyCount "50"]
[EventDate "2014.??.??"]
[EventType "tourn (corr)"]
[EventRounds "6"]
[EventCountry "GER"]
[SourceTitle "Corr 2015"]
[Source "ChessBase"]
[SourceDate "2015.07.17"]
[SourceVersion "1"]
[SourceVersionDate "2015.07.17"]
[SourceQuality "1"]

1. e4 c5 2. c3 Nf6 3. e5 Nd5 4. d4 cxd4 5. Nf3 Nc6 6. Bc4 Nb6 7. Bb3 e6 8. cxd4 d6 9. 0-0 dxe5 10. dxe5 Qxd1 11. Rxd1 Bd7 12. Be3 Na5 13. Rd3 Nbc4 14. Bd4 Bc6 15. Rc3 Rd8 16. Bxc4 Bxf3 17. gxf3 Rxd4 18. Bb5+ Kd8 19. Na3 a6 20. Nc2 Rd2 21. b4 Bxb4 22. Nxb4 axb5 23. a4 bxa4 24. Rxa4 b6 25. Nd3 Ke7 1/2-1/2

[Event "Remote S7E Starter-55 email"]
[Site "Remote email"]
[Date "2014.05.06"]
[Round "?"]
[White "Thiel, Dirk"]
[Black "Kahl, Karl Heinz"]
[Result "1-0"]
[WhiteElo "2191"]
[BlackElo "2102"]
[PlyCount "75"]
[EventDate "2014.??.??"]
[EventType "tourn (corr)"]
[EventRounds "6"]
[EventCountry "GER"]
[SourceTitle "Corr 2015"]
[Source "ChessBase"]
[SourceDate "2015.07.17"]
[SourceVersion "1"]
[SourceVersionDate "2015.07.17"]
[SourceQuality "1"]

1. e4 c5 2. c3 d5 3. exd5 Qxd5 4. d4 Nf6 5. Nf3 e6 6. Be3 cxd4 7. cxd4 Nc6 8. Nc3 Qd6 9. g3 Be7 10. Bg2 0-0 11. 0-0 Qb4 12. Qc2 Qa5 13. a3 Qh5 14. Rad1 Rd8 15. Rfe1 Bd7 16. h3 Rac8 17. Ne5 Nxe5 18. dxe5 Nd5 19. Bxa7 Bc6 20. Qb3 Nxc3 21. Rxd8+ Rxd8 22. Qxc3 Rc8 23. Bxc6 bxc6 24. Kg2 Qf5 25. b4 Ra8 26. Bb6 h6 27. Re3 c5 28. bxc5 Qb1 29. Qc4 Rc8 30. Qa6 Re8 31. c6 Qc2 32. Qb7 Qa4 33. c7 Qd7 34. a4 Qxa4 35. Rc3 Bb4 36. Rc4 Qb5 37. c8Q Rxc8 38. Rxc8+ 1-0

[Event "Remote S7E Starter-55 email"]
[Site "Remote email"]
[Date "2014.05.06"]
[Round "?"]
[White "Tiedemann, Joern"]
[Black "Thiel, Dirk"]
[Result "0-1"]
[WhiteElo "1980"]
[BlackElo "2237"]
[PlyCount "58"]
[EventDate "2014.??.??"]
[EventType "tourn (corr)"]
[EventRounds "6"]
[EventCountry "GER"]
[SourceTitle "Corr 2015"]
[Source "ChessBase"]
[SourceDate "2015.07.17"]
[SourceVersion "1"]
[SourceVersionDate "2015.07.17"]
[SourceQuality "1"]

1. b4 c6 2. Bb2 d5 3. e3 Nf6 4. b5 a6 5. bxc6 Nxc6 6. d4 Bf5 7. Bd3 e6 8. Nf3 Qb6 9. Bc3 Bd6 10. 0-0 Qc7 11. Nbd2 0-0 12. Bb2 b5 13. Ne5 Nxe5 14. dxe5 Bxe5 15. Bxe5 Qxe5 16. Nf3 Qd6 17. Bxf5 exf5 18. Nh4 g6 19. Nf3 Rac8 20. Rb1 Rc4 21. Rb3 Rfc8 22. Nd4 Ra4 23. Qa1 Ne4 24. Re1 Qb6 25. Rd3 Qa5 26. Nb3 Qb4 27. Rd4 Qa3 28. Rxa4 Qxa4 29. Nd4 b4 0-1

[Event "Remote-ch Class3 Gr.D email"]
[Site "Remote email"]
[Date "2014.04.20"]
[Round "?"]
[White "Guelker, Lorenz"]
[Black "Thiel, Dirk"]
[Result "0-1"]
[WhiteElo "1985"]
[BlackElo "2191"]
[PlyCount "62"]
[EventDate "2014.??.??"]
[EventType "tourn (corr)"]
[EventRounds "6"]
[EventCountry "GER"]
[SourceTitle "Corr 2015"]
[Source "ChessBase"]
[SourceDate "2015.07.17"]
[SourceVersion "1"]
[SourceVersionDate "2015.07.17"]
[SourceQuality "1"]

1. e4 e6 2. Nc3 d5 3. d4 Nf6 4. Bg5 Be7 5. e5 Nfd7 6. Bxe7 Qxe7 7. Bd3 Qb4 8. Nge2 Qxb2 9. 0-0 a6 10. Qd2 Nc6 11. a3 Qb6 12. Qe3 0-0 13. Rfb1 Qa7 14. Na2 Ne7 15. c3 c5 16. a4 b6 17. Nac1 a5 18. Qg5 Re8 19. Bb5 Ba6 20. Bxd7 Qxd7 21. Rxb6 cxd4 22. cxd4 Qc7 23. Rb2 Reb8 24. Rab1 Nc6 25. Qd2 Rb4 26. Rxb4 axb4 27. Nf4 Bc4 28. Nh5 h6 29. h3 Qe7 30. Nb3 Qg5 31. Nf4 Rxa4 0-1

[Event "Remote Pyramide email"]
[Site "Remote email"]
[Date "2014.03.23"]
[Round "?"]
[White "Thiel, Dirk"]
[Black "Henkel, Phil"]
[Result "1-0"]
[WhiteElo "2191"]
[BlackElo "1996"]
[PlyCount "39"]
[EventDate "2014.??.??"]
[EventType "tourn (corr)"]
[EventRounds "6"]
[EventCountry "GER"]
[SourceTitle "Corr 2015"]
[Source "ChessBase"]
[SourceDate "2015.07.17"]
[SourceVersion "1"]
[SourceVersionDate "2015.07.17"]
[SourceQuality "1"]

1. e4 e6 2. d4 d5 3. Nd2 Nf6 4. e5 Nfd7 5. Bd3 c5 6. c3 Nc6 7. Ne2 Qb6 8. Nf3 Be7 9. 0-0 f6 10. Nf4 fxe5 11. Nxe6 e4 12. Nxg7+ Kf7 13. Nh5 exd3 14. Ng5+ Bxg5 15. Bxg5 Nd8 16. Qf3+ Kg6 17. Rfe1 Kxg5 18. h4+ Kh6 19. Qe3+ Kg6 20. Qg5+ 1-0

[Event "Remote Pyramide email"]
[Site "Remote email"]
[Date "2014.02.24"]
[Round "?"]
[White "Thiel, Dirk"]
[Black "Decking, Lutz"]
[Result "1-0"]
[WhiteElo "2168"]
[BlackElo "2080"]
[PlyCount "77"]
[EventDate "2014.??.??"]
[EventType "tourn (corr)"]
[EventRounds "6"]
[EventCountry "GER"]
[SourceTitle "Corr 2015"]
[Source "ChessBase"]
[SourceDate "2015.07.17"]
[SourceVersion "1"]
[SourceVersionDate "2015.07.17"]
[SourceQuality "1"]

1. e4 e5 2. f4 exf4 3. Bc4 Qh4+ 4. Kf1 Bc5 5. d4 Bb6 6. Nf3 Qd8 7. Nc3 d6 8. Bxf4 Nc6 9. h3 h6 10. Kg1 Nf6 11. Kh2 0-0 12. Re1 Na5 13. Bd3 Nc6 14. e5 dxe5 15. dxe5 Nh5 16. Bd2 f5 17. Bc4+ Kh7 18. Qe2 Qe8 19. Bd3 Kh8 20. a4 Be6 21. Nb5 Rc8 22. b4 f4 23. Nh4 Ng3 24. Qf3 Nf5 25. Bxf5 Bxf5 26. c4 a6 27. c5 Bh7 28. cxb6 axb5 29. e6 bxa4 30. Bc3 cxb6 31. Rad1 Rc7 32. Qg4 h5 33. Qg5 b5 34. Qxb5 f3 35. gxf3 Rg8 36. Rd7 Rxd7 37. exd7 Qxd7 38. Qxh5 Qd3 39. Qh6 1-0

[Event "Remote S7E Basic-73 email"]
[Site "Remote email"]
[Date "2014.01.14"]
[Round "?"]
[White "Thiel, Dirk"]
[Black "Hahner, Anton"]
[Result "0-1"]
[WhiteElo "2168"]
[BlackElo "2110"]
[PlyCount "70"]
[EventDate "2014.??.??"]
[EventType "tourn (corr)"]
[EventRounds "6"]
[EventCountry "GER"]
[SourceTitle "Corr 2015"]
[Source "ChessBase"]
[SourceDate "2015.07.17"]
[SourceVersion "1"]
[SourceVersionDate "2015.07.17"]
[SourceQuality "1"]

1. e4 e6 2. Nc3 d5 3. d4 Nf6 4. e5 Nfd7 5. Nf3 c5 6. Ne2 cxd4 7. Nexd4 Nc6 8. Bb5 Nxd4 9. Qxd4 Qa5+ 10. Bd2 Qxb5 11. b3 b6 12. Qe3 Ba6 13. Nd4 Qc5 14. f4 Rc8 15. a4 Qc7 16. b4 Qc4 17. c3 Qd3 18. Qg3 Bc4 19. a5 g5 20. Qxd3 Bxd3 21. axb6 axb6 22. g3 h5 23. h4 Be4 24. Rh2 gxf4 25. gxf4 Rg8 26. Ra7 Be7 27. Ke2 Rg3 28. Be1 Rg4 29. Ke3 Bf8 30. Nb5 f6 31. exf6 Nxf6 32. Ke2 Bf5 33. Nd4 Rxf4 34. Nxf5 Ng4 35. Rh3 Rxf5 0-1

[Event "Remote S7E Basic-73 email"]
[Site "Remote email"]
[Date "2014.01.14"]
[Round "?"]
[White "Thiel, Dirk"]
[Black "Hoeber, Michael"]
[Result "1-0"]
[WhiteElo "2191"]
[BlackElo "1964"]
[PlyCount "63"]
[EventDate "2014.??.??"]
[EventType "tourn (corr)"]
[EventRounds "6"]
[EventCountry "GER"]
[SourceTitle "Corr 2015"]
[Source "ChessBase"]
[SourceDate "2015.07.17"]
[SourceVersion "1"]
[SourceVersionDate "2015.07.17"]
[SourceQuality "1"]

1. e4 d5 2. exd5 Nf6 3. Nc3 Nxd5 4. Nf3 Bg4 5. Bc4 e6 6. 0-0 c6 7. h3 Bh5 8. Ne4 Be7 9. d4 0-0 10. Re1 Nd7 11. Ng3 Bg6 12. Bd3 Bf6 13. Bxg6 hxg6 14. c4 N5b6 15. Qe2 Qc7 16. Ne4 Rad8 17. b4 Rfe8 18. Bg5 Bxg5 19. Nexg5 Qf4 20. g3 Qf6 21. a4 Nf8 22. Kg2 Nh7 23. Nxh7 Kxh7 24. b5 cxb5 25. axb5 Ra8 26. h4 Rec8 27. c5 Nd5 28. Ne5 Ne7 29. Qe4 Nd5 30. h5 Qf5 31. Nxf7 Qxh5 32. Rh1 1-0

[Event "Remote email"]
[Site "Remote email"]
[Date "2013.12.16"]
[Round "?"]
[White "Waibel, Ulrich"]
[Black "Thiel, Dirk"]
[Result "0-1"]
[WhiteElo "1812"]
[BlackElo "2168"]
[PlyCount "32"]
[EventDate "2013.??.??"]
[EventType "tourn (corr)"]
[EventRounds "6"]
[EventCountry "GER"]
[SourceTitle "Corr 2015"]
[Source "ChessBase"]
[SourceDate "2015.07.17"]
[SourceVersion "1"]
[SourceVersionDate "2015.07.17"]
[SourceQuality "1"]

1. e4 e5 2. f4 d5 3. Nf3 dxe4 4. Nxe5 Nd7 5. d4 exd3 6. Qxd3 Qe7 7. Qe3 Nxe5 8. fxe5 Nh6 9. b3 Ng4 10. Qe4 Qc5 11. Qe2 Nxe5 12. Bb2 Bd6 13. Nd2 Bf5 14. Nc4 0-0-0 15. 0-0-0 Nxc4 16. Qxc4 Bf4+ 0-1